000 00858nam a22002175i 4500
001 154166
003 ES-MaACL
005 20250809042455.0
008 040810s1820 fr |||| | fre d
040 _aCAM
_bspa
_cCAM
110 1 _aFrancia.
_9134393
240 1 0 _aConstituciones
245 1 0 _aLégislation constitutionnelle ou Recueil des contitutions françaises
_b: précédées des Déclarations des Droits de l'homme et du citoyen publiées en Amérique et en France.
260 _aParis :
_bCorréad libraire,
_c1820 (
_fImprimerie de P.-F. Dupont)
300 _a2 v. (127; 276 p.) ;
_c20 cm.
650 4 _aConstituciones-
_zFrancia.
_9222181
650 7 _aDerechos humanos
_2embne
_911770
740 0 1 _aRecueil des constitutions françaises.
852 _aES-MaACL
_jC-2972
_z-- Enc. pasta española
_z-- 2 t. en 1 v.
999 _c154166
_d154166